000
00282nam a2200109Ia 4500
008
220204s9999 xx 000 0 und d
082
_a
929 A/Z(NIR)
_b
NIR
100
_a
Nirad C Chaudhuri
245
0
_a
Autobiography of an unknown Indian
260
_a
Bombay
_b
Jaico
_c
1984
942
_c
BK
999
_c
38680
_d
38680